Mill on the floss / (Record no. 6938)
[ view plain ]
| 000 -LEADER | |
|---|---|
| fixed length control field | 00459cam a2200193ua 4500 |
| 041 ## - LANGUAGE CODE | |
| Language code of text/sound track or separate title | eng |
| 082 ## - DEWEY DECIMAL CLASSIFICATION NUMBER | |
| Classification number | 823.308 |
| Item number | ELI/MI |
| 100 ## - MAIN ENTRY--AUTHOR NAME | |
| Personal name | Eliot, George. |
| 245 ## - TITLE STATEMENT | |
| Title | Mill on the floss / |
| 250 ## - EDITION STATEMENT | |
| Edition statement | 1 / |
| 260 ## - PUBLICATION, DISTRIBUTION, ETC. (IMPRINT) | |
| Place of publication | Mumbai : |
| Name of publisher | McMillan and company , |
| Year of publication | 1970. |
| 300 ## - PHYSICAL DESCRIPTION | |
| Number of Pages | 144 ; . |
| 942 ## - ADDED ENTRY ELEMENTS (KOHA) | |
| Koha item type | Books |
| Withdrawn status | Lost status | Damaged status | Home library | Current library | Date acquired | Full call number | Accession Number | Koha item type |
|---|---|---|---|---|---|---|---|---|
| KAUAET | KAUAET | 07/04/2012 | 823.308 | 12916 | Books | |||
| Withdrawn | KAUAET | Sanskrit University | 07/04/2012 | 823.308 | 12915 | Books | ||
| Withdrawn | KAUAET | Sanskrit University | 07/04/2012 | 823.308 | 12917 | Books | ||
| Withdrawn | KAUAET | Sanskrit University | 07/04/2012 | 823.308 | 9953 | Books |
